000
00326nam a2200121Ia 4500
008
220204s9999 xx 000 0 und d
082
_a
576.535:63
_b
CON
245
0
_a
Cloning agricultural plants via in vitro techniques
260
_a
Florida
_b
CRC
_c
1981
650
_a
In vitro techniques
700
_a
Conger, B V
942
_c
BK
999
_c
38135
_d
38135